000 00715nam a2200205 i 4500
001 106121
003 ES-MaACL
005 20230906184048.0
007 t|
008 061002s1953 sp ||||1| spa d
080 _a821.134.2-291.1.09"15/16"
100 1 _aWardropper, Bruce W.
_9178592
245 1 0 _aIntroducción al teatro religioso del siglo de oro
_b: (la evolución del auto sacramental : 1500-1648) /
_cBruce W. Wardropper.
260 _aMadrid :
_bRevista de Occidente,
_c[1953]
300 _a329 p. ;
_c19 cm.
650 1 4 _aAuto sacramental-
_zS.XVI-XVII-
_xHistoria y crítica.
_910420
852 _aES-MaACL
_jAND-775
_z- Biblioteca Juan Andrade
852 _aES-MaACL
_jC-8942
999 _c106121
_d106121